Venezuela's revolutions and the oil company inside /
Na minha lista:
| Autor principal: | |
|---|---|
| Formato: | Texto |
| Assuntos: | |
| Tags: |
Adicionar Tag
Sem tags, seja o primeiro a adicionar uma tag!
|
MARC
| LEADER | 00000 a a2200000 04500 | ||
|---|---|---|---|
| 001 | 10048 | ||
| 003 | |||
| 040 | |||
| 100 | |a Parenti, Christian | ||
| 245 | |a Venezuela's revolutions and the oil company inside / |c Christian Parenti | ||
| 650 | |a INDUSTRIA PETROLERA | ||
| 650 | |a DESARROLLO POLITICO | ||
| 650 | |a PODER | ||
| 650 | |a SOCIALISMO | ||
| 650 | |a VENEZUELA | ||
| 773 | |g volumen 39, número 4; páginas 8-13 | ||
| 999 | |c 27918 |d 27918 | ||
